| 000 | 01155nam a22002537a 4500 | ||
|---|---|---|---|
| 005 | 20170124102955.0 | ||
| 010 | _aA-724456 | ||
| 020 |
_c100.00 _a8171192010 |
||
| 035 | _aA-724456 | ||
| 037 | _bCen Lib/Ret | ||
| 040 |
_aDPL _bHN |
||
| 082 |
_a821.08 _bअंतस्त |
||
| 245 |
_aअंतस्तल का पूरा विप्लव : _cसंपादक निर्मला जैन _bअँधेरे में / |
||
| 246 |
_aAntastal ka poora viplav : andhere mein / _bsampadak Nirmala Jain |
||
| 260 |
_aनयी दिल्ली _bराधाकृष्ण प्रकाशन _c1994 |
||
| 270 |
_a2/38, अंसारी रोड, दरियागंज _bनयी दिल्ली _e110002 |
||
| 300 |
_a154पृ. _c21सेमी (सजिल्द) |
||
| 650 |
_aहिंदी साहित्य _953000 |
||
| 650 |
_aहिंदी साहित्य--काव्य _953001 |
||
| 650 |
_aHindi literature _953002 |
||
| 650 |
_aHindi literature--Poetry _953003 |
||
| 700 |
_a जैन, निर्मला _943761 |
||
| 942 |
_2ddc _cHN _h821.08 _mअंतस्त |
||
| 999 |
_c113603 _d113603 |
||